000 01407nam a2200217 a 4500
008 080929s1991 ||||||||||||||||| || u
020 _a8120308719
050 _aQA 152 Art
100 _aArtin, Michael
245 1 0 _aAlgebra
_cMichael Artin
260 _aNew Delhi
_bPrentice Hall of India
_c1991
300 _axviii, 618p.: ill.
350 _a35500.00
650 _aTEXTBOOKS
995 _aANNEX COLLECTION (Main Library)
_D0.00
_e738746
_FCBU-MAIN LIBRARY (Kitwe)
_H1
_I0.00
_jQA 152 Art
_M2
_UAVAILABLE
_WSep 29, 2008
_y738746
_ZAnnex Low-Usage Collection
995 _aANNEX COLLECTION (Main Library)
_D0.00
_e738745
_FCBU-MAIN LIBRARY (Kitwe)
_H1
_I0.00
_jQA 152 Art
_M1
_UAVAILABLE
_WSep 29, 2008
_y738745
_ZAnnex Low-Usage Collection
995 _aTEXTBOOKS (SBE)
_D35500.00
_e2194
_FCBU-SCHOOL TEXTBOOK COLLECTIONS
_H1
_I0.00
_jSCHOOL TEXTBOOK
_M6
_UAVAILABLE
_WNov 20, 2008
_y2194
_ZSchool Collections
995 _aANNEX COLLECTION (Main Library)
_D0.00
_e738748
_FCBU-MAIN LIBRARY (Kitwe)
_H1
_I0.00
_jQA 152 Art
_M4
_UAVAILABLE
_WSep 29, 2008
_y738748
_ZAnnex Low-Usage Collection
995 _aMAIN LIBRARY OPEN ACCESS
_D0.00
_e738749
_FCBU-MAIN LIBRARY (Kitwe)
_H1
_I0.00
_jQA 152 Art
_M5
_UAVAILABLE
_WSep 29, 2008
_y738749
_ZMain Library Open Access Collection
995 _aANNEX COLLECTION (Main Library)
_D0.00
_e738747
_FCBU-MAIN LIBRARY (Kitwe)
_H1
_I0.00
_jQA 152 Art
_M3
_UAVAILABLE
_WSep 29, 2008
_y738747
_ZAnnex Low-Usage Collection
999 _c83881
_d83881